Nature

Bibliographic Details
Main Author: Burgess, Lynne
Format: Book
Published: London : Watts Books , 1993
Series:Start Exploring
Subjects:

MARC

LEADER 00000cam a2200000 7i4500
001 0000002642
002 000002870
005 20060209.0
020 |a 0749612819 
090 0 0 |a 030   |b STA 
100 1 |a Burgess, Lynne 
245 1 0 |a Nature   |c Lynne Burgess illustrated by Patricia Papps 
260 |a London :   |b Watts Books ,   |c 1993 
300 |a 26p. :   |b ill ;   |c 28cm. 
490 0 |a Start Exploring 
650 0 0 |a Nature   |x Juvenile literature 
999 |a 036139   |b BUKU   |c PINJAMAN   |e PERPUSTAKAAN KOMUNITI PETALING JAYA